000 00510nam a2200181Ia 4500
005 20250923144258.0
008 008 250917s9999 xx 000 0 eng d
037 _aTextual
040 _aDSWL
_beng
_cDSWL
041 _aeng
_2eng
084 _aY31:1:7:2:N4, H3
_qDSWL
100 _aAppasam, y
_9823153
245 0 _aOur main problem
_cby y Appasam
260 _aBombay
_bPadma Pub
_c1943
300 _a62 p.
942 _cTEXL
_hY31:1:7:2:N4, H3
999 _c1436928
_d1436928